|
|
|
|
| LEADER |
00000nam0a2200000 4500 |
| 001 |
319437 |
| 005 |
20231102003159.0 |
| 035 |
|
|
|a (RuTPU)RU\TPU\book\344946
|
| 090 |
|
|
|a 319437
|
| 100 |
|
|
|a 20160531d1934 m y0rusy50 ca
|
| 101 |
0 |
|
|a rus
|
| 102 |
|
|
|a RU
|
| 105 |
|
|
|a a j 001zy
|
| 200 |
1 |
|
|a Курс оснований и фундаментов
|e учебное пособие для втузов
|f Ю. М. Абелев, Ш. Ц. Воин
|g авт. предисл. Н. М. Герсеванов
|
| 210 |
|
|
|a Москва
|a Ленинград
|c Главная редакция строительной литературы
|d 1934
|
| 215 |
|
|
|a 413 с.
|c ил.
|
| 320 |
|
|
|a Библиогр.: с. 409-414
|
| 606 |
1 |
|
|a Основания и фундаменты
|2 stltpush
|3 (RuTPU)RU\TPU\subj\74862
|9 86830
|
| 610 |
1 |
|
|a учебные пособия
|
| 610 |
1 |
|
|a грунты
|
| 610 |
1 |
|
|a породы
|
| 610 |
1 |
|
|a напластования
|
| 610 |
1 |
|
|a грунтовые воды
|
| 610 |
1 |
|
|a промерзание
|
| 610 |
1 |
|
|a вечномерзлые грунты
|
| 610 |
1 |
|
|a механика грунтов
|
| 610 |
1 |
|
|a свойства
|
| 610 |
1 |
|
|a нагрузки
|
| 610 |
1 |
|
|a шурфовка
|
| 610 |
1 |
|
|a геологическая разведка
|
| 610 |
1 |
|
|a физические характеристики
|
| 610 |
1 |
|
|a естественные осннования
|
| 610 |
1 |
|
|a котлованы
|
| 610 |
1 |
|
|a глубокие фундаменты
|
| 610 |
1 |
|
|a искусственные основания
|
| 610 |
1 |
|
|a сваи
|
| 610 |
1 |
|
|a забивание
|
| 610 |
1 |
|
|a набивные сваи
|
| 610 |
1 |
|
|a свайные основания
|
| 610 |
1 |
|
|a фундаменты под машины
|
| 675 |
|
|
|a 624.15(075.8)
|v 4
|
| 700 |
|
1 |
|a Абелев
|b Ю. М.
|
| 701 |
|
1 |
|a Воин
|b Ш. Ц.
|
| 702 |
|
1 |
|a Герсеванов
|b Н. М.
|4 080
|
| 801 |
|
1 |
|a RU
|b 63413507
|c 20160531
|
| 801 |
|
2 |
|a RU
|b 63413507
|c 20191127
|g RCR
|
| 942 |
|
|
|c BK
|